[Event "USA-ch U20"]
[Site "Tulsa"]
[Date "2001.??.??"]
[Round "3"]
[White "Winer, Steven"]
[Black "Pruess, David"]
[Result "0-1"]
[WhiteElo "2331"]
[BlackElo "2280"]
[PlyCount "114"]
[EventDate "2001.??.??"]
[EventType "tourn"]
[EventRounds "9"]
[EventCountry "USA"]
[EventCategory "4"]
[SourceTitle "EXT 2006"]
[Source "ChessBase"]
[SourceDate "2005.11.24"]
[SourceVersion "1"]
[SourceVersionDate "2005.11.24"]
[SourceQuality "1"]

1. d4 d5 2. Nf3 c6 3. Bf4 Qb6 4. Qc1 Nf6 5. h3 Bf5 6. e3 Nbd7 7. Nbd2 c5 8. c3 h6 9. a4 e6 10. a5 Qc6 11. dxc5 Qxc5 12. Nb3 Qc8 13. Nbd4 Be4 14. a6 Be7 15. Bb5 0-0 16. axb7 Qxb7 17. Bc6 Qb6 18. Bxa8 Nc5 19. 0-0 Nd3 20. Qd2 Rxa8 21. Ra2 Nd7 22. Bh2 e5 23. Ne2 Qe6 24. Ne1 N3c5 25. b4 Nb7 26. Ng3 Bh7 27. Nf3 Nd6 28. Ra6 Nb6 29. Rfa1 Ndc4 30. Qa2 Rc8 31. Rxa7 Bd8 32. Nd2 Nd6 33. e4 Nb5 34. exd5 Nxd5 35. Ra6 Qd7 36. Nde4 Nbxc3 37. Nxc3 Nxc3 38. Qb3 Qd2 39. Ra7 Bg6 40. Rb7 Kh7 41. b5 Bh4 42. Rf1 Qd3 43. Qb2 Bxg3 44. Bxg3 Ne2+ 45. Kh2 Nxg3 46. Rc1 Rxc1 47. Qxc1 Ne2 48. Qe1 Qd5 49. Rb6 Nf4 50. f3 e4 51. Qg3 e3 52. Rb8 Ne2 53. Qc7 Qd1 54. h4 Qg1+ 55. Kh3 Bf5+ 56. g4 Qf1+ 57. Kh2 Qf2+ 0-1

[Event "USA-ch U18"]
[Site "Catonsville"]
[Date "2000.07.16"]
[Round "9"]
[White "Winer, Steven"]
[Black "Bhat, Vinay S"]
[Result "1/2-1/2"]
[WhiteElo "2308"]
[BlackElo "2398"]
[PlyCount "117"]
[EventDate "2000.07.07"]
[EventType "tourn"]
[EventRounds "9"]
[EventCountry "USA"]
[EventCategory "4"]
[SourceTitle "CBM 077 Extra"]
[Source "ChessBase"]
[SourceDate "2000.09.14"]
[SourceVersion "1"]
[SourceVersionDate "2000.09.14"]
[SourceQuality "1"]

1. d4 e6 2. c4 d5 3. Nc3 c6 4. e3 Nf6 5. Nf3 Nbd7 6. Qc2 b6 7. Bd3 Bb7 8. 0-0 Be7 9. b3 0-0 10. Bb2 h6 11. Rad1 Qc7 12. h3 Rac8 13. e4 dxe4 14. Nxe4 Nxe4 15. Bxe4 Nf6 16. Bd3 c5 17. Ne5 cxd4 18. Bxd4 Rfd8 19. Bb2 Bc5 20. Qe2 Kf8 21. Bc2 a5 22. Rxd8+ Rxd8 23. Rd1 Ke8 24. Rxd8+ Kxd8 25. Kf1 Ke8 26. Kg1 Qd6 27. Qd3 Ne4 28. Qxd6 Bxd6 29. Nd3 g5 30. Bd4 Nc5 31. Ne5 f5 32. f3 h5 33. Kf2 h4 34. Ke2 Bc7 35. Kf2 Nd7 36. Nxd7 Kxd7 37. Bf6 Bd8 38. Be5 Ke7 39. Bd3 Kf7 40. Ke3 Bc6 41. Bf1 Be7 42. Kd3 Bc5 43. Bc7 Ke7 44. Be5 Bd6 45. Kd4 Bc5+ 46. Kd3 Kf7 47. Bc7 Kg6 48. a3 g4 49. hxg4 fxg4 50. fxg4 Kg5 51. b4 axb4 52. axb4 Bxb4 53. Bxb6 Kxg4 54. Bc7 Be7 55. Kd4 Bg5 56. Be2+ Kf5 57. Bd3+ Kg4 58. Be2+ Kf5 59. Bd3+ 1/2-1/2

[Event "USA-ch U18"]
[Site "Catonsville"]
[Date "2000.07.10"]
[Round "4"]
[White "Winer, Steven"]
[Black "Sarkar, Justin"]
[Result "0-1"]
[WhiteElo "2308"]
[BlackElo "2316"]
[PlyCount "90"]
[EventDate "2000.07.07"]
[EventType "tourn"]
[EventRounds "9"]
[EventCountry "USA"]
[EventCategory "4"]
[SourceTitle "CBM 077 Extra"]
[Source "ChessBase"]
[SourceDate "2000.09.14"]
[SourceVersion "1"]
[SourceVersionDate "2000.09.14"]
[SourceQuality "1"]

1. d4 e6 2. e4 d5 3. Nd2 c5 4. exd5 Qxd5 5. Ngf3 cxd4 6. Bc4 Qd6 7. 0-0 Nf6 8. Nb3 Nc6 9. Nbxd4 Nxd4 10. Qxd4 Qxd4 11. Nxd4 Bd7 12. c3 Rc8 13. Be2 e5 14. Nb3 Bd6 15. Be3 a6 16. Rfd1 Bc7 17. Bc5 Be6 18. c4 Nd7 19. Bb4 f5 20. Rac1 Kf7 21. Na5 Nc5 22. Bxc5 Bxa5 23. b4 Rhd8 24. a3 Rxd1+ 25. Rxd1 Bd8 26. f3 a5 27. Be3 axb4 28. axb4 Be7 29. c5 Ra8 30. Rb1 Ra2 31. Bb5 Bd5 32. Rd1 Ke6 33. Be8 Rc2 34. Rc1 Re2 35. Bf2 e4 36. fxe4 fxe4 37. Kf1 Rb2 38. b5 Bg5 39. Re1 Bd2 40. Bd4 Rb4 41. Bxg7 Bc4+ 42. Kf2 Bxe1+ 43. Kxe1 e3 44. Kd1 e2+ 45. Kd2 Rb1 0-1

[Event "Eastern Class-ch 9th"]
[Site "USA"]
[Date "2000.??.??"]
[Round "4"]
[White "Sarkar, Justin"]
[Black "Winer, Steven"]
[Result "1-0"]
[WhiteElo "2410"]
[BlackElo "2360"]
[PlyCount "59"]
[EventDate "2000.??.??"]
[EventType "swiss"]
[EventRounds "5"]
[EventCountry "USA"]
[SourceTitle "EXT 2003"]
[Source "ChessBase"]
[SourceDate "2002.11.25"]
[SourceVersion "1"]
[SourceVersionDate "2002.11.25"]
[SourceQuality "1"]

1. e4 c5 2. Nf3 d6 3. d4 cxd4 4. Nxd4 Nf6 5. Nc3 a6 6. f4 g6 7. Nf3 Bg7 8. e5 Nh5 9. Bc4 0-0 10. Ng5 e6 11. g4 Qc7 12. Bb3 Nxf4 13. Bxf4 dxe5 14. Be3 Nc6 15. 0-0 Nd4 16. Ne2 Nxb3 17. cxb3 Bd7 18. Ne4 Bc6 19. Nf6+ Kh8 20. Qe1 Bxf6 21. Rxf6 Qd8 22. Qf2 Qd5 23. Ng3 Kg7 24. Rf1 Rad8 25. Bc5 Rfe8 26. Rxf7+ Kg8 27. Be7 Rc8 28. Rg7+ Kh8 29. Rxh7+ Kxh7 30. Qf7+ 1-0

[Event "Washington Eastern op"]
[Site "Washington DC"]
[Date "1999.12.29"]
[Round "8"]
[White "Kaufman, Larry C"]
[Black "Winer, Steven"]
[Result "1/2-1/2"]
[WhiteElo "2427"]
[BlackElo "2306"]
[PlyCount "41"]
[EventDate "1999.12.26"]
[EventType "swiss"]
[EventRounds "8"]
[EventCountry "USA"]
[SourceTitle "CBM 073 Extra"]
[Source "ChessBase"]
[SourceDate "2000.01.11"]
[SourceVersion "1"]
[SourceVersionDate "2000.01.11"]
[SourceQuality "1"]

1. d4 Nf6 2. c4 g6 3. Nc3 d5 4. Nf3 Bg7 5. Qb3 dxc4 6. Qxc4 0-0 7. e4 Nc6 8. Be2 Bg4 9. Be3 Bxf3 10. gxf3 e5 11. dxe5 Nxe5 12. Qb5 Nh5 13. Rd1 Qh4 14. Qxb7 Qh3 15. Qxc7 Nxf3+ 16. Bxf3 Qxf3 17. 0-0 Rae8 18. Qd7 Nf6 19. Qd3 Qg4+ 20. Kh1 Qf3+ 21. Kg1 1/2-1/2